MARC

LEADER 00000nam0a2200000 4500
001 280242
005 20231101235303.0
020 |a RU  |b 86-47696 
035 |a (RuTPU)RU\TPU\book\303551 
090 |a 280242 
100 |a 20141226d1986 km y0rusy5003 ca 
101 0 |a rus 
102 |a RU 
105 |a c z 001zb 
200 1 |a Музыкально-критические статьи  |f П. И. Чайковский  |g авт. послесл. М. Овчинникова 
205 |a 4-е изд. 
210 |a Ленинград  |c Музыка  |d 1986 
215 |a 368 с.  |c портр. 
225 1 |a Русская классическая музыкальная критика 
320 |a Библиогр. в примеч.: с. 330-365 
600 1 |a Чайковский  |g Петр Ильич  |b П. И.  |c русский композитор  |f 1840-1893  |2 stltpush  |3 (RuTPU)RU\TPU\pers\1137 
606 1 |a Композиторы  |2 stltpush  |3 (RuTPU)RU\TPU\subj\15032  |9 41330 
610 1 |a музыка 
610 1 |a музыкальная критика 
610 1 |a музыкальная культура 
610 1 |a статьи 
610 1 |a рецензии 
610 1 |a периодическая печать 
610 1 |a история 
610 1 |a 19 век 
610 1 |a путешествия 
610 1 |a персоналии 
610 1 |a русская музыка 
675 |a 78.071.1  |z rus  |v 4 
700 1 |a Чайковский  |b П. И.  |g Петр Ильич  |4 070 
702 1 |a Овчинникова  |b М.  |4 075 
801 0 |a RU  |b RuMRKP  |c 19950704  |g psbo 
801 1 |a RU  |b 63413507  |c 20141226 
801 2 |a RU  |b 63413507  |c 20170428  |g RCR 
942 |c BK